00647nam a2200193Ia 4500008004100000020001500041041001200056082001600068100002000084245007500104250000800179260002500187300000800212650000700220700002000227942000700247999001500254952018400269221030s9999 xx 000 0 und d a007058494x aEnglish a105.23bAle aC. K. Alexander 0aFundamentals of Electric Circuitscby C. K. Alexander, M. N. O. Sadiku a904 bTMHaNew Delhic2005 a904 aEE aM. N. O. Sadiku cBK c3911d3911 pBE 8228g550.00l1o105.23 Aler2024-06-13 00:00:00s2023-02-14w2022-10-30yBK003Print4070aMIETLIBbMIETLIBcBL-Academic Block- A, FL-1, CUP-11, SH-1, R-1d2006-10-1810HBE